Štátna rodinná politika so zameraním na vybrané štátne sociálne dávky

Podstata existencie štátnej rodinnej politiky, jej ciele. Vybrané opakované, ale aj jednorazové štátne sociálne dávky. Analýza jednotlivých štátnych sociálnych dávok. Legislatívny základ týchto príspevkov. Gestorom tejto oblasti v podmienkach slovenskej legislatívy je Ministerstvo práce, sociálnych...

Ausführliche Beschreibung

Gespeichert in:
Bibliographische Detailangaben
1. Verfasser: Lukáč, Jozef, 1991-
Format: Buchkapitel
Sprache:Slowakisch
Schlagworte:
Tags: Tag hinzufügen
Keine Tags, Fügen Sie das erste Tag hinzu!

MARC

LEADER 00000nla a2200000 4500
001 0239239
005 20240502073856.3
041 0 |a slo 
044 |a SK 
245 1 0 |a Štátna rodinná politika so zameraním na vybrané štátne sociálne dávky  |c Jozef Lukáč 
520 |a Podstata existencie štátnej rodinnej politiky, jej ciele. Vybrané opakované, ale aj jednorazové štátne sociálne dávky. Analýza jednotlivých štátnych sociálnych dávok. Legislatívny základ týchto príspevkov. Gestorom tejto oblasti v podmienkach slovenskej legislatívy je Ministerstvo práce, sociálnych vecí a rodiny Slovenskej republiky. 
610 2 0 |a politika rodinná 
610 2 0 |a dávky sociálne 
610 2 0 |a analýza ekonomická 
610 2 0 |a rady časové 
610 2 0 |a benefity 
610 2 0 |a prídavky na deti 
100 1 |a Lukáč, Jozef, 1991-